<?xml version="1.0" encoding="UTF-8"?><?xml-stylesheet type="text/xsl" href="static/style.xsl"?><OAI-PMH xmlns="http://www.openarchives.org/OAI/2.0/" xmlns:xsi="http://www.w3.org/2001/XMLSchema-instance" xsi:schemaLocation="http://www.openarchives.org/OAI/2.0/ http://www.openarchives.org/OAI/2.0/OAI-PMH.xsd"><responseDate>2026-06-02T02:14:30Z</responseDate><request verb="GetRecord" identifier="oai:riuma.uma.es:10630/10561" metadataPrefix="marc">https://riuma.uma.es/rest/oai/request</request><GetRecord><record><header><identifier>oai:riuma.uma.es:10630/10561</identifier><datestamp>2026-02-03T12:22:41Z</datestamp><setSpec>com_10630_2254</setSpec><setSpec>col_10630_37959</setSpec></header><metadata><record xmlns="http://www.loc.gov/MARC21/slim" xmlns:dcterms="http://purl.org/dc/terms/" xmlns:doc="http://www.lyncode.com/xoai" xmlns:xsi="http://www.w3.org/2001/XMLSchema-instance" xsi:schemaLocation="http://www.loc.gov/MARC21/slim http://www.loc.gov/standards/marcxml/schema/MARC21slim.xsd">
   <leader>00925njm 22002777a 4500</leader>
   <datafield ind2=" " ind1=" " tag="042">
      <subfield code="a">dc</subfield>
   </datafield>
   <datafield ind2=" " ind1=" " tag="720">
      <subfield code="a">Altamirano-Jeschke, María</subfield>
      <subfield code="e">author</subfield>
   </datafield>
   <datafield ind2=" " ind1=" " tag="720">
      <subfield code="a">Blanco-López, Ángel</subfield>
      <subfield code="e">author</subfield>
   </datafield>
   <datafield ind2=" " ind1=" " tag="720">
      <subfield code="a">Muñoz-Gallego, Antonio Román</subfield>
      <subfield code="e">author</subfield>
   </datafield>
   <datafield ind2=" " ind1=" " tag="720">
      <subfield code="a">Blanca-Mena, María José</subfield>
      <subfield code="e">author</subfield>
   </datafield>
   <datafield ind2=" " ind1=" " tag="260">
      <subfield code="c">2015-10-22</subfield>
   </datafield>
   <datafield ind2=" " ind1=" " tag="520">
      <subfield code="a">Introducción y Objetivos: &#xd;
En la mayoría de las titulaciones de la Universidad de Málaga (UMA) el presente curso (2014-2015) es el segundo en el que se oferta la asignatura Trabajo Fin de Grado (TFG). Por ello, todavía son muchos los profesores que imparten esta asignatura por primera vez y sienten cierta incertidumbre con respecto a las responsabilidades que asumen y cómo deben abordarlas. Anticipándose a esto, en el Plan de Formación de PDI de la UMA se oferta desde el curso académico 2012-2013, un curso específico para el profesorado, centrado en la evaluación, tutorización y normativa de los TFG. Doscientos once profesores han participado ya en las cuatro ediciones de este curso. El objetivo general del presente trabajo es recoger y analizar los resultados de aprendizaje y opiniones de los profesores en relación a estos aspectos de la docencia de los TFG y al curso en general, con el fin de mejorarla.&#xd;
Método: &#xd;
Los datos para este análisis se han recogido a través de tareas, cuestionarios y talleres que han desarrollado los participantes.&#xd;
Resultados: &#xd;
Los resultados muestran un elevado grado de satisfacción con este tipo de actividad de formación para el PDI, y han puesto de manifiesto diferencias entre titulaciones y centros en relación al papel del tutor en la evaluación de los estudiantes, procedimientos de evaluación y tutorización, y normativas, que pueden tener influencia en el proceso y en los resultados de dicha evaluación.&#xd;
Conclusiones:&#xd;
Este tipo de iniciativas de formación docente deben considerarse como herramientas de mejora de la calidad docente de la UMA, que pueden ser aplicables a otras instituciones universitarias.</subfield>
   </datafield>
   <datafield ind1="8" ind2=" " tag="024">
      <subfield code="a">http://hdl.handle.net/10630/10561</subfield>
   </datafield>
   <datafield tag="653" ind2=" " ind1=" ">
      <subfield code="a">Profesores de universidad - Formación profesional</subfield>
   </datafield>
   <datafield ind2="0" ind1="0" tag="245">
      <subfield code="a">Lecciones aprendidas a partir de los cursos de formación de profesorado de la Universidad de Málaga para una mejor gestión de la docencia de los TFG</subfield>
   </datafield>
</record>
</metadata></record></GetRecord></OAI-PMH>